01474nam a2200289 a 4500001000200000003000400002005001700006007000300023008003500026020001800061040002500079082003200104100003900136245014200175250001100317260005900328300002700387490002600414500007300440505037500513650007600888650005500964651003901019700003501058700003101093710006001124 OSt20231010093837.0ta100521s2009 dr ac r 001 0 spa d a9789945020854 aDO-SdBNPbspacBPMSU 4aR920.729304bA385m 20092221 aAlfau Durán, Vetilio,d1909-198510aMujeres de la independencia /cVetilio Alfau Durán ; presentación Jacqueline del C. Abad Blanco ; ilustraciones Cristian Hernández. a3a ed. aSanto Domingo :bArchivo General de la Nación,c2009 a70 p. :bil. ;c21 cm.0 aCuadernos popular,v2 aIncluye referencias bibliográficas y notas al pie de las páginas2 aMicaela de Rivera--Manuela Díez y Jiménez -- Josefa Antonio Pérez de la Paz -- María Baltasara de los Reyes -- María Trinidad Sánchez -- Ana Valverde -- Filomena Gómez de Cova -- Rosa Montás de Duvergé -- Froilana Febles -- Petronila Abreu y Delgado -- Rosa Bastardo de Guillermo -- Rosa Duarte y Díez -- Concepción Bona -- María de Jesús Pina. 4aMujeres en la independencia zRepública Dominicana vBiografíasx  4aHeroínaszRepública Dominicana vBiografías  4aRepública Dominicana xHistoria 1 aAbad Blanco, Jacquiline del C.1 aHernández Cristian,eil.2 aArchivo General de la Nación (República Dominicana)